00250 a2200109 4500001000700000040003500007100003300042240002700075245002200102300000700124362000900131148709 cEscola São Tomás de Aquino aQUEIRÓS, Bartolomeu Campos10aOs cinco sentidoslpor10aOs cinco sentidos a160 a1999